000 00712cam a2200253 a 4500
001 1180567
003 0
005 20170223091258.0
008 970417s1998 njua 001 0 eng
010 _a 97019415
020 _a0136318053 (pbk.)
020 _a9780136318057
040 _cSPU
050 0 0 _aQA 76.6
_b.S68 1998
100 1 _aSprankle, Maureen.
245 1 0 _aProblem solving and programming concepts /
_cMaureen Sprankle.
250 _a4th ed.
260 _aUpper Saddle River, N.J. :
_bPrentice-Hall,
_cc1998.
300 _axx, 486 p. :
_bill. ;
_c28 cm.
500 _aIncludes index.
650 0 _aComputer programming.
650 0 _aProblem solving
_xData processing.
942 _2lcc
_cBK
999 _c48921
_d48921